Социология журналистики, учебник для вузов

Dades bibliogràfiques
Autor principal: Свитич Л. Г. Луиза Григорьевна
Sumari:URL: https://urait.ru/bcode/560587 (дата обращения: 27.08.2025).
В курсе раскрываются теоретические подходы и конкретные способы работы журналистов с социологической информацией, даются общие сведения о программировании и этапах социологических исследований в применении к изучению СМИ, о социологических методах и возможностях использования их в работе редакции. В курсе представлены история исследований, направления и конкретные результаты изучения аудитории и журналистов, информация о социологических фирмах и изданиях. Подробно изложены методики опросов и контент-аналитических исследований, а также примеры социологических документов для исследований.
Publicat: Москва, Юрайт, 2025
Edició:2-е изд.
Col·lecció:Высшее образование
Matèries:
Accés en línia:https://urait.ru/bcode/560587
Format: Electrònic Llibre

MARC

LEADER 00000nam a2200000 4500
001 RU/URAIT/560587
003 https://urait.ru/bcode/560587
005 20250827050525.1
010 |a 978-5-534-20261-8  |d 1769.00 
073 1 |a 9785534202618  |d 1769.00 
100 |a 20241002d2025 km y0rusy50 ca 
101 0 |a rus 
102 |a RU 
105 |a y j 000yy 
106 |a s 
200 1 |a Социология журналистики  |e учебник для вузов  |f Л. Г. Свитич. 
205 |a 2-е изд. 
210 |a Москва  |c Юрайт  |d 2025 
215 |a 359 с 
225 1 |a Высшее образование 
230 |a Электрон. дан. 
300 |a URL: https://urait.ru/bcode/560587 (дата обращения: 27.08.2025). 
330 |a В курсе раскрываются теоретические подходы и конкретные способы работы журналистов с социологической информацией, даются общие сведения о программировании и этапах социологических исследований в применении к изучению СМИ, о социологических методах и возможностях использования их в работе редакции. В курсе представлены история исследований, направления и конкретные результаты изучения аудитории и журналистов, информация о социологических фирмах и изданиях. Подробно изложены методики опросов и контент-аналитических исследований, а также примеры социологических документов для исследований. 
337 |a Режим доступа: Электронно-библиотечная система Юрайт, для авториз. пользователей 
610 2 |a Журналистика и издательское дело 
610 2 |a Гуманитарные науки 
610 2 |a Социология журналистики 
610 2 |a Методология и методика медиаисследований 
610 2 |a Методология и методы исследований в социологии: качественные исследования публичной сферы и социальных коммуникаций 
610 2 |a Методика медиаисследований 
610 2 |a Исследования аудиторий средств массовой информации 
610 2 |a Практика исследований медиа-аудитории 
610 2 |a Социология средств массовой информации 
610 2 |a Методика и методология медиаисследований 
610 2 |a Социология культуры и СМИ 
610 2 |a Социологические методы исследования медиапространства 
610 2 |a Социологические методы в средствах массовой информации 
610 2 |a Социология современных media и медиаисследования 
610 2 |a Аудитория СМИ как объект исследования 
610 2 |a Теория и практика медиаисследований 
610 2 |a Медиаисследования 
610 2 |a Социология журналистики и массовых коммуникаций 
610 2 |a Методология социологических исследований в информационном пространстве 
610 2 |a Социология СМИ 
610 2 |a Методы социологического исследования в информационном пространстве 
610 2 |a Социология средств массовой информации и анализ медиа 
610 2 |a Методология медиаисследований 
610 2 |a Социология СМИ и политических технологий 
610 2 |a Социологические методы исследования СМИ 
610 2 |a Исследование аудитории СМИ 
610 2 |a Социология (включая социологию журналистики) 
610 2 |a Медиаисследование 
675 |a 316(075.8) 
686 |a 60.56я73  |2 rubbk 
700 1 |a Свитич  |b Л. Г.  |g Луиза Григорьевна 
801 0 |a RU  |b ИКО Юрайт  |c 20241002  |g RCR  |2 rusmarc 
801 1 |a RU  |b ИКО Юрайт  |c 20241002  |g RCR  |2 rusmarc 
856 4 0 |n Юрайт  |g Электронная книга  |q html  |h ЮРАЙТ  |v 20250912  |2 Показать документ  |u https://urait.ru/bcode/560587 
955 |a учебник 
957 |a Социология журналистики 
957 |a Методология и методика медиаисследований 
957 |a Методология и методы исследований в социологии: качественные исследования публичной сферы и социальных коммуникаций 
957 |a Методика медиаисследований 
957 |a Исследования аудиторий средств массовой информации 
957 |a Практика исследований медиа-аудитории 
957 |a Социология средств массовой информации 
957 |a Методика и методология медиаисследований 
957 |a Социология культуры и СМИ 
957 |a Социологические методы исследования медиапространства 
957 |a Социологические методы в средствах массовой информации 
957 |a Социология современных media и медиаисследования 
957 |a Аудитория СМИ как объект исследования 
957 |a Теория и практика медиаисследований 
957 |a Медиаисследования 
957 |a Социология журналистики и массовых коммуникаций 
957 |a Методология социологических исследований в информационном пространстве 
957 |a Социология СМИ 
957 |a Методы социологического исследования в информационном пространстве 
957 |a Социология средств массовой информации и анализ медиа 
957 |a Методология медиаисследований 
957 |a Социология СМИ и политических технологий 
957 |a Социологические методы исследования СМИ 
957 |a Исследование аудитории СМИ 
957 |a Социология (включая социологию журналистики) 
957 |a Медиаисследование 
900 |l